000
00199 a2200097 4500
001
42982
100
_a
Young
245
_a
Rutland of futland
260
_a
London
_b
Cassell
_c
090
_c
26859
_d
26859
942
_a
NUST-CAE
_c
M
_c
18734
999
_c
278055
_d
278055